Statistics for Top 50 Most Guessed Capital Cities

Click here to take the quiz!

General Stats

  • This quiz has been taken 93 times
  • The average score is 40 of 50

Answer Stats

%City% Correct
92Paris
99%
89London
98%
85Moscow
98%
81Tokyo
98%
85Madrid
97%
84Washington DC
95%
77Mexico City
94%
90Rome
94%
77Beijing
93%
88Berlin
93%
73New Delhi
93%
78Oslo
92%
72Stockholm
92%
76Brasilia
91%
71Buenos Aires
91%
68Cairo
91%
79Amsterdam
87%
82Athens
87%
70Ottawa
87%
76Brussels
86%
69Kiev
86%
76Lisbon
86%
73Helsinki
85%
70Seoul
85%
72Prague
84%
74Copenhagen
83%
81Dublin
83%
72Warsaw
83%
60Bangkok
81%
68Canberra
81%
61Santiago
81%
77Vienna
81%
59Ankara
80%
62Lima
79%
73Budapest
77%
58Bucharest
74%
61Havana
72%
58Tehran
72%
67Bern
69%
68Luxembourg
65%
60Singapore
65%
65Sofia
65%
66Jerusalem
62%
65Reykjavik
62%
60Baghdad
60%
58Minsk
60%
78Vatican City
59%
69Monaco
55%
61San Marino
48%
57Kabul
45%

Score Distribution

Percentile by Number Answered

Percent of People with Each Score

Your Score History

You have not taken this quiz